[Event "Spanish Championship"]
[Site "Las Palmas Gran Canaria"]
[Date "2017.10.05"]
[Round "7"]
[White "Alcoba, Pablo Alejandro"]
[Black "Bernabeu Lopez, Carlos Javier"]
[Result "0-1"]
[BlackTitle "FM"]
[WhiteElo "2131"]
[BlackElo "2335"]
[Board "22"]
[WhiteCountry "ESP"]
[WhiteFideId "32001304"]
[WhiteEloChange "-5"]
[BlackCountry "ESP"]
[BlackFideId "2235366"]
[BlackEloChange "5"]

1. e4 e5 2. Nf3 Nc6 3. Bc4 Nf6 4. d3 Bc5 5. c3 a6 6. b4 Ba7 7. O-O d6 8. a4
Ne7 9. Na3 Ng6 10. h3 O-O 11. Re1 c6 12. Bb3 h6 13. Ra2 Nh5 14. Nc4 Nhf4
15. Ne3 Qf6 16. Ng4 Bxg4 17. hxg4 d5 18. g3 dxe4 19. Rxe4 Nd5 20. Rc2 Rfe8
21. g5 Qf5 22. gxh6 Qh5 23. hxg7 Kxg7 24. g4 Qh3 25. Ng5 Qg3+ 26. Kf1 Qh2
27. Qf3 f6 28. Qh3 Rh8 29. Qxh2 Rxh2 30. Nf3 Rh1+ 31. Kg2 Rah8 32. Bxd5
cxd5 33. Ree2 Rxc1 34. Rxc1 Nf4+ 35. Kf1 Rh1+ 36. Ng1 Rxg1+ 0-1

[Event "Spanish Championship"]
[Site "Las Palmas Gran Canaria"]
[Date "2017.10.05"]
[Round "7"]
[White "Castellanos Gomez, Alejandro"]
[Black "Menvielle Laccourreye, Augusto"]
[Result "1-0"]
[BlackTitle "FM"]
[WhiteElo "2270"]
[BlackElo "2123"]
[Board "23"]
[WhiteCountry "ESP"]
[WhiteFideId "22284141"]
[WhiteEloChange "6"]
[BlackCountry "ESP"]
[BlackFideId "2200317"]
[BlackEloChange "-6"]

1. d4 f5 2. c4 Nf6 3. Nc3 d6 4. g3 g6 5. Bg2 Bg7 6. d5 c6 7. Nh3 Bd7 8. O-O
Na6 9. Rb1 Rc8 10. Be3 c5 11. f3 Nc7 12. Nf4 O-O 13. a3 Qe8 14. Qd2 b6 15.
Rfc1 Rd8 16. b4 g5 17. Nd3 h6 18. bxc5 dxc5 19. Nxc5 bxc5 20. Bxc5 Bc8 21.
Bxa7 f4 22. Bb6 Qd7 23. Qc2 Rde8 24. Rd1 Na8 25. Bf2 Nc7 26. g4 Ba6 27. Na4
Rb8 28. Nb6 Qd8 29. Qa4 Bc8 30. Qc2 Nd7 31. Na4 Rxb1 32. Qxb1 Rf6 33. Nc3
Ra6 34. Qb3 Qe8 35. Ne4 Qf7 36. h4 gxh4 37. Bxh4 Rb6 38. Qa4 Nf6 39. Nc5
Nfe8 40. Nd3 Bd4+ 41. Kh2 Be3 42. Ne5 Qg7 43. Nd3 e6 44. Nb4 exd5 45. cxd5
Bc5 46. Nd3 Bd6 47. Qc4 Ba6 48. Qe4 Nf6 49. Qa4 Nxg4+ 50. Kh1 Bb5 51. Qe4
Nf6 52. Qd4 Nfxd5 53. Qe4 Be7 54. Bxe7 Qxe7 55. Qd4 Rg6 56. Qf2 Qg5 57. Bh3
Qh5 58. Qh2 Rg3 59. Be6+ Qf7 60. Bxf7+ Kxf7 61. Nxf4 1-0

[Event "Spanish Championship"]
[Site "Las Palmas Gran Canaria"]
[Date "2017.10.05"]
[Round "7"]
[White "Perez Perez, Gabriel"]
[Black "Jimenez Almeida, Luis David"]
[Result "1-0"]
[WhiteElo "2037"]
[BlackElo "2260"]
[Board "24"]
[WhiteCountry "ESP"]
[WhiteFideId "32089147"]
[WhiteEloChange "16"]
[BlackCountry "ESP"]
[BlackFideId "22242244"]
[BlackEloChange "-16"]

1. d4 Nf6 2. c4 c5 3. d5 b5 4. cxb5 a6 5. b6 d6 6. Nc3 Nbd7 7. a4 Qxb6 8.
Nf3 g6 9. a5 Qc7 10. e4 Bg7 11. Nd2 O-O 12. Nc4 Re8 13. Be2 e6 14. Bf4 e5
15. Bg3 Rb8 16. O-O Rb4 17. Qc2 g5 18. Ne3 Nf8 19. f3 Ng6 20. Na2 Rb8 21.
b4 Nf4 22. Rfc1 Qa7 23. bxc5 Qxc5 24. Qxc5 dxc5 25. Bf1 Bf8 26. Rab1 Bd7
27. Nc3 Rb4 28. Nc2 Rbb8 29. Bxa6 Ra8 30. Rb6 N6h5 31. Bb5 Bxb5 32. Rxb5
Nd3 33. Rcb1 c4 34. Bf2 Nxf2 35. Kxf2 Nf4 36. g3 Bc5+ 37. Kf1 Nd3 38. Ne1
Bd4 39. Ne2 Be3 40. Nc2 Bd2 41. Na3 c3 42. Nc2 Ra6 43. R1b3 Rc8 44. Ra3 Rf6
45. Ng1 Nc5 46. Ke2 h5 47. Rb4 Ra8 48. Rb5 Nd7 49. Nh3 g4 50. fxg4 hxg4 51.
Nf2 Rg6 52. Nb4 Nf6 53. a6 Nd7 54. Nc6 Bc1 55. Rxc3 Rxa6 56. Ne7+ Kg7 57.
Nxg6 Ra2+ 58. Kf1 Ra1 59. Rc7 Nf6 60. Nh4 Bg5+ 61. Kg2 Ra2 62. Nf5+ Kg6 63.
Rc6 Kh5 64. Rb8 Nxe4 65. Ng7# 1-0

[Event "Spanish Championship"]
[Site "Las Palmas Gran Canaria"]
[Date "2017.10.06"]
[Round "8"]
[White "Anton Guijarro, David"]
[Black "Castellanos Rodriguez, Renier"]
[Result "1/2-1/2"]
[WhiteTitle "GM"]
[BlackTitle "IM"]
[WhiteElo "2656"]
[BlackElo "2481"]
[Board "1"]
[WhiteCountry "ESP"]
[WhiteFideId "2285525"]
[WhiteEloChange "-2"]
[BlackCountry "ESP"]
[BlackFideId "3404650"]
[BlackEloChange "2"]

1. Nf3 c5 2. c4 g6 3. d4 cxd4 4. Nxd4 Nf6 5. Nc3 d5 6. cxd5 Nxd5 7. Ndb5
Nxc3 8. Qxd8+ Kxd8 9. Nxc3 Bg7 10. e4 Be6 11. Be3 Nc6 12. Rc1 Rc8 13. Bb5
a6 14. Bb6+ Ke8 15. Bd3 Ne5 16. Be2 Nc4 17. Bxc4 Rxc4 18. O-O Rc6 19. Na4
Bd7 20. b3 f5 21. exf5 gxf5 22. Be3 Kf7 23. Nc5 Bc8 24. Rfd1 Re8 25. f3 Rd6
26. Kf1 Red8 27. Rxd6 Rxd6 28. Nxa6 Rxa6 29. Rxc8 Rxa2 30. Rc5 Ke6 31. Rb5
Be5 32. Rxb7 Ra1+ 33. Ke2 Ra2+ 34. Kf1 Ra1+ 35. Ke2 Ra2+ 1/2-1/2

[Event "Spanish Championship"]
[Site "Las Palmas Gran Canaria"]
[Date "2017.10.06"]
[Round "8"]
[White "Salgado Lopez, Ivan"]
[Black "Forcen Esteban, Daniel"]
[Result "1/2-1/2"]
[WhiteTitle "GM"]
[BlackTitle "GM"]
[WhiteElo "2627"]
[BlackElo "2528"]
[Board "2"]
[WhiteCountry "ESP"]
[WhiteFideId "2257327"]
[WhiteEloChange "-1"]
[BlackCountry "ESP"]
[BlackFideId "2288230"]
[BlackEloChange "1"]

1. e4 e6 2. d4 d5 3. Nc3 Nf6 4. Bg5 dxe4 5. Nxe4 Be7 6. Bxf6 gxf6 7. Nf3 f5
8. Nc3 a6 9. Qd2 b5 10. O-O-O Qd6 11. Kb1 Nd7 12. g3 Bb7 13. Bg2 Nb6 14.
Qc1 O-O-O 15. Ne1 Bxg2 16. Nxg2 Bf6 17. Ne2 c5 18. c3 Qc6 19. Ne3 cxd4 20.
cxd4 Qxc1+ 21. Rxc1+ Kb7 22. Rhd1 Nd5 23. Rc5 Be7 24. Rc2 Bg5 25. Nxd5 Rxd5
26. Rc5 Rd7 27. Rc3 Rhd8 28. Rcd3 Bf6 29. Kc2 Rd6 30. R1d2 R8d7 31. Rd1 Kb6
32. R1d2 Kb7 33. Rd1 1/2-1/2

[Event "Spanish Championship"]
[Site "Las Palmas Gran Canaria"]
[Date "2017.10.06"]
[Round "8"]
[White "Arizmendi Martinez, Julen Luis"]
[Black "Perez Candelario, Manuel"]
[Result "1-0"]
[WhiteTitle "GM"]
[BlackTitle "GM"]
[WhiteElo "2513"]
[BlackElo "2591"]
[Board "3"]
[WhiteCountry "ESP"]
[WhiteFideId "2205092"]
[WhiteEloChange "6"]
[BlackCountry "ESP"]
[BlackFideId "2210622"]
[BlackEloChange "-6"]

1. d4 Nf6 2. c4 g6 3. Nc3 Bg7 4. e4 d6 5. Be2 O-O 6. Be3 e5 7. d5 Na6 8. g4
Nc5 9. f3 c6 10. h4 cxd5 11. cxd5 a5 12. h5 a4 13. Qd2 Bd7 14. Nh3 Qa5 15.
Nf2 Rfc8 16. Rc1 b5 17. Rb1 Rab8 18. Ncd1 b4 19. Kf1 Qd8 20. Kg2 Ne8 21.
Rc1 Nc7 22. Nd3 N7a6 23. N1f2 b3 24. Nxc5 Nxc5 25. a3 Qe7 26. hxg6 fxg6 27.
Bxc5 Rxc5 28. Rxc5 dxc5 29. d6 Qf7 30. Rc1 Be6 31. Rxc5 Rd8 32. Rc7 Qf4 33.
Qb4 Kh8 34. Qb6 Bf6 35. Re7 Rc8 36. d7 Bxd7 37. Rxd7 Bh4 38. Qa7 Qg3+ 39.
Kf1 Rc1+ 40. Bd1 Rxd1+ 41. Rxd1 Qxf3 42. Rd3 1-0

[Event "Spanish Championship"]
[Site "Las Palmas Gran Canaria"]
[Date "2017.10.06"]
[Round "8"]
[White "Ibarra Jerez, Jose Carlos"]
[Black "Cruz Lledo, Pablo"]
[Result "1/2-1/2"]
[WhiteTitle "GM"]
[BlackTitle "IM"]
[WhiteElo "2561"]
[BlackElo "2432"]
[Board "4"]
[WhiteCountry "ESP"]
[WhiteFideId "2226332"]
[WhiteEloChange "-2"]
[BlackCountry "ESP"]
[BlackFideId "2297361"]
[BlackEloChange "2"]

1. Nf3 b6 2. g3 Bb7 3. Bg2 e6 4. O-O Nf6 5. c4 Be7 6. Nc3 O-O 7. Re1 d5 8.
cxd5 Nxd5 9. e4 Nxc3 10. bxc3 c5 11. d4 Nc6 12. d5 Na5 13. Bf4 exd5 14.
exd5 Bd6 15. Ne5 Qc7 16. Nc6 Bxf4 17. Nxa5 Bd6 18. Nc4 Ba6 19. Qa4 Bxc4 20.
Qxc4 Qd7 21. a4 Rae8 22. Qa6 Be5 23. Qc4 Bd6 24. Qb5 Qxb5 25. axb5 Rxe1+
26. Rxe1 Rd8 27. c4 Kf8 28. Bf3 Re8 29. Ra1 Re7 30. h4 g6 31. Kf1 h5 32.
Kg2 1/2-1/2

[Event "Spanish Championship"]
[Site "Las Palmas Gran Canaria"]
[Date "2017.10.06"]
[Round "8"]
[White "Espinosa Aranda, Angel"]
[Black "Korneev, Oleg"]
[Result "1/2-1/2"]
[WhiteTitle "IM"]
[BlackTitle "GM"]
[WhiteElo "2453"]
[BlackElo "2550"]
[Board "5"]
[WhiteCountry "ESP"]
[WhiteFideId "2278189"]
[WhiteEloChange "1"]
[BlackCountry "ESP"]
[BlackFideId "4156803"]
[BlackEloChange "-1"]

1. e4 c5 2. Nf3 e6 3. d4 cxd4 4. Nxd4 a6 5. c4 Nf6 6. Nc3 Bb4 7. Qd3 Nc6 8.
Nxc6 dxc6 9. Qxd8+ Kxd8 10. e5 Ne4 11. a3 Bxc3+ 12. bxc3 Kc7 13. a4 a5 14.
Be3 b6 15. Bd3 Nc5 16. Bxc5 bxc5 17. Kd2 Rb8 18. Rab1 Rxb1 19. Rxb1 Bd7 20.
Ke3 h6 21. h4 Rb8 22. Rxb8 Kxb8 23. Kf4 Kc7 24. g4 Kd8 25. f3 g6 26. g5 h5
27. Ke3 Ke7 28. Kf4 Kd8 29. Ke3 Ke7 30. Kf4 Kd8 1/2-1/2

[Event "Spanish Championship"]
[Site "Las Palmas Gran Canaria"]
[Date "2017.10.06"]
[Round "8"]
[White "Garza Marco, Sergio"]
[Black "Del Rio De Angelis, Salvador G."]
[Result "1/2-1/2"]
[WhiteTitle "IM"]
[BlackTitle "GM"]
[WhiteElo "2409"]
[BlackElo "2524"]
[Board "6"]
[WhiteCountry "ESP"]
[WhiteFideId "2210177"]
[WhiteEloChange "2"]
[BlackCountry "ESP"]
[BlackFideId "2203138"]
[BlackEloChange "-2"]

1. d4 e6 2. c4 b6 3. a3 g6 4. Nc3 Bg7 5. e4 Ne7 6. Nf3 d5 7. cxd5 exd5 8.
exd5 Nxd5 9. Bc4 Nxc3 10. bxc3 O-O 11. O-O Ba6 12. Bxa6 Nxa6 13. a4 c5 14.
Qb3 cxd4 15. Bg5 Nc5 16. Qa2 Qd7 17. cxd4 Ne4 18. Be3 Nc3 19. Qb3 Rfc8 20.
Rfe1 Qd5 21. Qb2 Rc4 22. Nd2 Rc6 23. Nf3 Rac8 24. Ne5 R6c7 25. h3 Qb7 26.
Qb3 Nd5 27. Bd2 Nf6 28. a5 Qd5 29. Qxd5 Nxd5 30. axb6 axb6 31. Rab1 Rc2 32.
Red1 Rd8 33. Nf3 f6 34. Ra1 Rd7 35. Rdb1 Kf7 36. Kf1 Bf8 37. Rb5 Be7 38.
Rd1 Bd8 39. Rb3 Bc7 40. g3 Ra2 41. Rc1 Ne7 42. Rbc3 Bd8 43. g4 Nd5 44. Rb3
Be7 45. Rcb1 Rda7 46. Rb5 Ra1 47. Rxa1 Rxa1+ 48. Ke2 Ke6 49. Rb3 Kd7 50.
Rb2 Ra3 51. h4 Bd6 52. h5 g5 53. Ne1 Kc6 54. Nc2 Rh3 55. Ra2 Kb7 56. Ra1
Rh4 57. Kf3 f5 58. Bxg5 Rxg4 59. Ne3 Nxe3 60. Bxe3 Rh4 61. h6 f4 62. Bd2
Rxh6 63. Ke4 Rh2 64. Rf1 Kc6 65. d5+ Kd7 66. Bc3 f3 67. Bf6 Rh6 68. Bg5 Rh5
69. Rg1 Bh2 70. Rg4 Kd6 71. Be3 b5 72. Ba7 Re5+ 73. Kxf3 Kxd5 74. Rd4+ Kc6
75. Rh4 Rf5+ 76. Ke4 Rf7 77. Rh6+ Kb7 78. Rxh2 Kxa7 79. f4 Kb6 80. Ke5 b4
81. f5 Kb5 82. Ke6 Rf8 83. Rxh7 b3 1/2-1/2

[Event "Spanish Championship"]
[Site "Las Palmas Gran Canaria"]
[Date "2017.10.06"]
[Round "8"]
[White "Santos Latasa, Jaime"]
[Black "Suarez Uriel, Adrian"]
[Result "1-0"]
[WhiteTitle "IM"]
[BlackTitle "FM"]
[WhiteElo "2523"]
[BlackElo "2406"]
[Board "7"]
[WhiteCountry "ESP"]
[WhiteFideId "2293307"]
[WhiteEloChange "3"]
[BlackCountry "ESP"]
[BlackFideId "22230874"]
[BlackEloChange "-3"]

1. d4 Nf6 2. c4 g6 3. Nc3 d5 4. Bf4 Bg7 5. e3 O-O 6. Rc1 Be6 7. c5 c6 8. h3
Bc8 9. Nf3 b6 10. b4 a5 11. a3 axb4 12. axb4 bxc5 13. bxc5 Qa5 14. Qd2 Nbd7
15. Bd3 Ba6 16. Bxa6 Qxa6 17. Qe2 Rfe8 18. Qxa6 Rxa6 19. Ne5 Nxe5 20. Bxe5
Ne4 21. Nxe4 Bxe5 22. Nc3 Bg7 23. f4 f6 24. Kd2 e5 25. Ra1 Rxa1 26. Rxa1
exd4 27. exd4 f5 28. Kd3 Kf7 29. Ra6 Re6 30. g3 h5 31. h4 Bf6 32. Ne2 Ke7
33. Ng1 Re1 34. Nf3 Rb1 35. Rxc6 Rb3+ 36. Ke2 Rb2+ 37. Kf1 Rb1+ 38. Kg2
Rb2+ 39. Kh3 Rb3 40. Ne5 Bxe5 41. dxe5 Kf7 42. Rf6+ Kg7 43. Rd6 Rc3 44.
Rd7+ Kf8 45. Rxd5 Rc2 46. Rd6 Kg7 47. Rd7+ Kf8 48. Rc7 Re2 49. c6 Rc2 50.
Rc8+ Ke7 51. c7 1-0

[Event "Spanish Championship"]
[Site "Las Palmas Gran Canaria"]
[Date "2017.10.06"]
[Round "8"]
[White "Ladron De Guevara Pinto, Paolo"]
[Black "Asis Gargatagli, Hipolito"]
[Result "1/2-1/2"]
[WhiteTitle "FM"]
[BlackTitle "IM"]
[WhiteElo "2414"]
[BlackElo "2519"]
[Board "8"]
[WhiteCountry "ESP"]
[WhiteFideId "2290847"]
[WhiteEloChange "1"]
[BlackCountry "ESP"]
[BlackFideId "2260735"]
[BlackEloChange "-1"]

1. e4 c5 2. Nf3 d6 3. d4 cxd4 4. Nxd4 Nf6 5. Nc3 a6 6. h3 e6 7. g4 h6 8.
Bg2 Be7 9. Be3 Nc6 10. Qe2 Nxd4 11. Bxd4 e5 12. Be3 Be6 13. O-O-O Qa5 14.
Kb1 Rc8 15. Nd5 Nxd5 16. exd5 Bd7 17. f4 Bf6 18. g5 hxg5 19. fxg5 Be7 20.
Qf2 g6 21. h4 Bf5 22. Rd2 Qa4 23. h5 Qd7 24. Bf3 gxh5 25. Rxh5 Rg8 26. Bg2
Rc7 27. Qf1 Bg6 28. Rh4 Qb5 29. Qxb5+ axb5 30. Bf1 Bf5 31. Bxb5+ Bd7 32.
Bxd7+ Kxd7 33. Rh7 Bxg5 34. Rxf7+ Kd8 35. Bxg5+ Rxg5 36. Rf1 Rf7 37. Re1
Rf4 38. c3 b5 39. Kc2 Kc7 40. Rh1 Rg6 41. Rh7+ Kb6 42. Re7 Rfg4 43. b4 Rg7
44. Rxg7 Rxg7 45. Kb3 Rg3 46. a3 Rf3 47. Kc2 Rg3 48. Rd3 Rg1 49. Rh3 Rg2+
50. Kd3 Rg6 51. Rh7 Rg3+ 52. Kc2 Rg2+ 53. Kd3 Rg3+ 54. Ke4 Rxc3 55. Rd7
Rxa3 56. Rxd6+ Kb7 57. Kxe5 Rb3 58. Rh6 Rxb4 59. Rh7+ Kc8 60. Rh8+ Kd7 61.
Rh7+ Kc8 62. d6 Rb1 63. Kd5 Rd1+ 64. Kc6 Rc1+ 65. Kxb5 Kd8 1/2-1/2

[Event "Spanish Championship"]
[Site "Las Palmas Gran Canaria"]
[Date "2017.10.06"]
[Round "8"]
[White "Alvarado Diaz, Alejandro"]
[Black "Santos Ruiz, Miguel"]
[Result "0-1"]
[WhiteTitle "IM"]
[BlackTitle "IM"]
[WhiteElo "2407"]
[BlackElo "2505"]
[Board "9"]
[WhiteCountry "ESP"]
[WhiteFideId "2276119"]
[WhiteEloChange "-4"]
[BlackCountry "ESP"]
[BlackFideId "22291482"]
[BlackEloChange "4"]

1. Nf3 d5 2. d3 Nf6 3. Nbd2 c5 4. c4 g6 5. b3 d4 6. b4 cxb4 7. a3 bxa3 8.
g3 Nc6 9. Bg2 e5 10. O-O Nd7 11. Ne1 Be7 12. Nc2 O-O 13. Bxa3 Bxa3 14. Rxa3
Nc5 15. Nb3 Qe7 16. Nxc5 Qxc5 17. Rb3 a6 18. Qd2 Rb8 19. Rc1 Be6 20. Nb4
Nxb4 21. Rxb4 b6 22. Qb2 Bd7 23. Rb3 Rfc8 24. Ra1 a5 25. Rb1 a4 26. Rb4 b5
27. cxb5 a3 28. Qa1 Rxb5 29. Rxb5 Bxb5 30. Bf3 Bd7 31. Bb7 Rb8 32. Rc1 Qa5
0-1

[Event "Spanish Championship"]
[Site "Las Palmas Gran Canaria"]
[Date "2017.10.06"]
[Round "8"]
[White "Suarez Gomez, Julio"]
[Black "Gutierrez Olivares, Daniel"]
[Result "1-0"]
[WhiteTitle "FM"]
[BlackTitle "FM"]
[WhiteElo "2485"]
[BlackElo "2349"]
[Board "10"]
[WhiteCountry "ESP"]
[WhiteFideId "22275991"]
[WhiteEloChange "3"]
[BlackCountry "ESP"]
[BlackFideId "2264005"]
[BlackEloChange "-6"]

1. d4 e6 2. c4 Nf6 3. Nf3 Bb4+ 4. Nbd2 O-O 5. a3 Be7 6. e4 d6 7. Be2 Nbd7
8. O-O e5 9. b4 Re8 10. Bb2 exd4 11. Nxd4 Bf8 12. f3 c6 13. Qb3 Qb6 14. Kh1
a5 15. Rae1 axb4 16. axb4 g6 17. Bd1 Bg7 18. Nc2 Qa7 19. Qd3 Qa2 20. Bc3
Nb6 21. Ne3 Be6 22. Bb3 Qa7 23. f4 d5 24. exd5 cxd5 25. c5 Nc4 26. Ra1 Qb8
27. Rxa8 Qxa8 28. Ndxc4 dxc4 29. Bxc4 Bxc4 30. Nxc4 Qa6 31. Bxf6 Bxf6 32.
f5 Rd8 33. Qb3 gxf5 34. Re1 Rd4 35. Nd6 Rxd6 36. Qg3+ 1-0

[Event "Spanish Championship"]
[Site "Las Palmas Gran Canaria"]
[Date "2017.10.06"]
[Round "8"]
[White "Brito Garcia, Alfredo"]
[Black "Suarez Garcia, Carlos"]
[Result "0-1"]
[WhiteTitle "IM"]
[BlackTitle "IM"]
[WhiteElo "2351"]
[BlackElo "2463"]
[Board "11"]
[WhiteCountry "ESP"]
[WhiteFideId "2200520"]
[WhiteEloChange "-7"]
[BlackCountry "ESP"]
[BlackFideId "22230858"]
[BlackEloChange "3"]

1. d4 d6 2. g3 g6 3. Bg2 Bg7 4. e4 Nf6 5. Ne2 O-O 6. O-O Nc6 7. h3 e5 8. c3
Re8 9. d5 Ne7 10. Bg5 h6 11. Be3 Nd7 12. Qd2 Kh7 13. c4 f5 14. f3 Nf6 15.
g4 f4 16. Bf2 g5 17. c5 h5 18. cxd6 cxd6 19. Rc1 hxg4 20. hxg4 Nxg4 21.
Rxc8 Rxc8 22. fxg4 Ng8 23. Bf3 Nf6 24. Nec3 Kg6 25. Qe2 a6 26. Nd2 Rh8 27.
a4 Qd7 28. Kg2 Bf8 29. Rh1 Rxh1 30. Kxh1 b5 31. axb5 axb5 32. Qd1 Be7 33.
Kg2 Bd8 34. Ne2 Ba5 35. Nb3 Bb4 36. Nec1 Rc4 37. Na2 Kg7 38. Be2 Rxe4 39.
Bd3 f3+ 40. Qxf3 Rxg4+ 41. Kf1 Rf4 42. Qg3 Qg4 43. Kg2 Rxf2+ 0-1

[Event "Spanish Championship"]
[Site "Las Palmas Gran Canaria"]
[Date "2017.10.06"]
[Round "8"]
[White "Sanchez Aller, Fernando"]
[Black "Narciso Dublan, Marc"]
[Result "1/2-1/2"]
[WhiteTitle "FM"]
[BlackTitle "GM"]
[WhiteElo "2341"]
[BlackElo "2459"]
[Board "12"]
[WhiteCountry "ESP"]
[WhiteFideId "2222892"]
[WhiteEloChange "3"]
[BlackCountry "ESP"]
[BlackFideId "2201500"]
[BlackEloChange "-2"]

1. e4 e6 2. d4 d5 3. Nc3 Nf6 4. e5 Nfd7 5. f4 c5 6. Nf3 Nc6 7. Be3 cxd4 8.
Nxd4 Bc5 9. Qd2 O-O 10. O-O-O a6 11. Qf2 Nxd4 12. Bxd4 b6 13. g4 f6 14.
exf6 Qxf6 15. Bg2 Bb7 16. Rhf1 Qh6 17. g5 Qg6 18. Bxc5 Nxc5 19. Qg3 Rac8
20. Rd2 Rf7 21. Ne2 Ne4 22. Bxe4 Qxe4 23. Qg1 b5 24. Nd4 Rxf4 25. Rxf4 Qxf4
26. Nxe6 Qf7 27. Nc5 Re8 28. b4 Re5 29. Qg3 Qe7 30. Nd3 Rf5 31. h4 Bc8 32.
Rd1 Rf8 33. Re1 Qd8 34. Qe5 Rf5 35. Qd4 Qf8 36. Re5 Rxe5 37. Qxe5 Qd8 38.
c3 Kf7 39. Nf4 Qb6 40. h5 Qg1+ 41. Kb2 Qg4 42. g6+ hxg6 43. Qxd5+ Kf6 44.
Nxg6 Qe2+ 45. Ka3 Be6 46. Qd4+ Kg5 47. Qg1+ Kf6 48. Qd4+ Kg5 49. Qg1+ Kf6
50. Qd4+ 1/2-1/2

[Event "Spanish Championship"]
[Site "Las Palmas Gran Canaria"]
[Date "2017.10.06"]
[Round "8"]
[White "Vega Gutierrez, Sabrina"]
[Black "Sanchez Jerez, Emilio Miguel"]
[Result "1/2-1/2"]
[WhiteTitle "IM"]
[BlackTitle "FM"]
[WhiteElo "2373"]
[BlackElo "2140"]
[Board "13"]
[WhiteCountry "ESP"]
[WhiteFideId "2219026"]
[WhiteEloChange "-6"]
[BlackCountry "ESP"]
[BlackFideId "2256088"]
[BlackEloChange "6"]

1. d4 d5 2. c4 e6 3. Nf3 c6 4. e3 Nd7 5. Bd3 dxc4 6. Bxc4 b5 7. Bd3 a6 8.
a4 Bb7 9. O-O Ngf6 10. Qe2 Bd6 11. e4 e5 12. Rd1 O-O 13. h3 Qe7 14. Nbd2
Rfe8 15. Nb3 Rab8 16. axb5 cxb5 17. d5 Nxd5 18. exd5 e4 19. Qxe4 Qxe4 20.
Bxe4 Rxe4 21. Na5 Ra4 22. Rxa4 bxa4 23. Nd4 Ba8 24. Nac6 Re8 25. Nf5 Bf8
26. Bg5 f6 27. Be3 Kf7 28. Ra1 g6 29. Ng3 a3 30. bxa3 Ne5 31. Rc1 Bxc6 32.
dxc6 Rc8 33. Ne4 Rxc6 34. Rxc6 Nxc6 35. Bc5 Be7 1/2-1/2

[Event "Spanish Championship"]
[Site "Las Palmas Gran Canaria"]
[Date "2017.10.06"]
[Round "8"]
[White "Martin Duque, Jesus"]
[Black "Ramirez Medina, Victor"]
[Result "1-0"]
[WhiteTitle "FM"]
[WhiteElo "2387"]
[BlackElo "2228"]
[Board "14"]
[WhiteCountry "ESP"]
[WhiteFideId "2208954"]
[WhiteEloChange "6"]
[BlackCountry "ESP"]
[BlackFideId "22286942"]
[BlackEloChange "-6"]

1. e4 c5 2. Nf3 d6 3. d4 cxd4 4. Nxd4 Nf6 5. Nc3 a6 6. Be2 e5 7. Nf3 Be7 8.
Bg5 Nbd7 9. a4 O-O 10. O-O Qc7 11. Nd2 b6 12. Nc4 Bb7 13. Ne3 Rfc8 14. Bc4
Bf8 15. Qf3 Rab8 16. Bb3 b5 17. axb5 axb5 18. Rfd1 b4 19. Ncd5 Nxd5 20.
Bxd5 Bxd5 21. Nxd5 Qb7 22. Be3 Ra8 23. Rxa8 Rxa8 24. h4 Ra2 25. Rb1 Nc5 26.
Bxc5 dxc5 27. Qf5 Qb8 28. h5 h6 29. Ne3 b3 30. c4 Bd6 31. Qg4 Bf8 32. Qf5
Bd6 33. Kh2 Bf8 34. g3 Qe8 35. Kg2 Qb8 36. Nd5 Bd6 37. Qf3 Ra7 38. Rd1 Bf8
39. Rd3 Rb7 40. Qd1 Qe8 41. Ne3 Qc6 42. Rd5 f6 43. Qg4 Qe8 44. Nf5 Kh7 45.
Nh4 Rb8 46. Qd1 Qe6 47. Ng6 Be7 48. Qd3 Kg8 49. Rd7 Bf8 50. Nh4 Rb4 51. Rd8
Rxc4 52. Ng6 Rd4 53. Rxf8+ 1-0

[Event "Spanish Championship"]
[Site "Las Palmas Gran Canaria"]
[Date "2017.10.06"]
[Round "8"]
[White "Vega Gutierrez, Belinda"]
[Black "Montero Melendez, Rafael"]
[Result "0-1"]
[WhiteTitle "WIM"]
[BlackTitle "FM"]
[WhiteElo "2150"]
[BlackElo "2376"]
[Board "15"]
[WhiteCountry "ESP"]
[WhiteFideId "2229994"]
[WhiteEloChange "-4"]
[BlackCountry "ESP"]
[BlackFideId "2221772"]
[BlackEloChange "4"]

1. e4 c5 2. Nf3 a6 3. d4 cxd4 4. Nxd4 Nf6 5. Nc3 e5 6. Nf3 Bb4 7. Bd2 d6 8.
Bd3 h6 9. h3 Be6 10. Qe2 Qc7 11. a3 Bc5 12. Na4 Ba7 13. c4 Nc6 14. b4 Nd4
15. Nxd4 Bxd4 16. Rc1 O-O 17. O-O Qd7 18. Nc3 Bxh3 19. Be3 Bg4 20. Qd2 Bxe3
21. Qxe3 Be6 22. Rfd1 Rac8 23. c5 dxc5 24. bxc5 Qc6 25. Nd5 Nxd5 26. exd5
Bxd5 27. Bf5 Rcd8 28. Qxe5 Bxg2 29. Rxd8 Rxd8 30. Qe7 Re8 31. Qd7 Bh1 32.
Qxe8+ Qxe8 33. Kxh1 Qe5 34. Bh3 Qf4 35. Rf1 Qh4 36. Kh2 g5 37. f3 f5 38.
Rb1 g4 39. fxg4 fxg4 40. Rg1 h5 0-1

[Event "Spanish Championship"]
[Site "Las Palmas Gran Canaria"]
[Date "2017.10.06"]
[Round "8"]
[White "Tejedor Fuente, Enrique"]
[Black "Gomez Dieguez, David"]
[Result "1/2-1/2"]
[WhiteTitle "FM"]
[WhiteElo "2368"]
[BlackElo "2207"]
[Board "16"]
[WhiteCountry "ESP"]
[WhiteFideId "2299100"]
[WhiteEloChange "-4"]
[BlackCountry "ESP"]
[BlackFideId "22223630"]
[BlackEloChange "4"]

1. e4 e5 2. Nf3 Nc6 3. Bc4 Nf6 4. d3 Bc5 5. O-O a6 6. Nc3 d6 7. Be3 Bxe3 8.
fxe3 Na5 9. Bd5 c6 10. Bb3 O-O 11. Ne2 Qe7 12. Qe1 Nxb3 13. axb3 d5 14.
exd5 Nxd5 15. Nc3 Nxc3 16. bxc3 a5 17. d4 exd4 18. cxd4 Bf5 19. Rf2 Qb4 20.
Ne5 Qxe1+ 21. Rxe1 Be6 22. Ra1 f6 23. Nd3 b6 24. Rd2 Bf5 25. Nb2 Rfd8 26.
c4 b5 27. Kf2 Rd7 28. Nd1 Be6 29. Nb2 Rda7 30. e4 a4 31. d5 Bd7 32. bxa4
cxd5 33. exd5 bxc4 34. Nxc4 Rxa4 35. Rxa4 Rxa4 36. Nb6 Ra7 37. Ke3 Kf7 38.
Kd4 Ke7 39. Re2+ Kd8 40. Kc5 Bf5 41. Rf2 Bg6 42. Nc4 Rc7+ 43. Kd4 Ra7 44.
Rb2 Kc7 45. Kc5 Bd3 46. Ne3 Be4 47. Rb4 Ra5+ 48. Kd4 Bg6 49. Rc4+ Kd7 50.
Rb4 Kc7 51. Nc4 Ra7 52. d6+ Kc6 53. Rb6+ Kd7 54. Kc5 Bf7 55. Ne3 Ra5+ 56.
Kb4 Re5 57. Rb7+ Kxd6 58. Rxf7 Rxe3 59. Rxg7 h5 60. Kc4 Re4+ 61. Kd3 Rg4
62. Rxg4 hxg4 63. Ke4 Ke6 64. Kf4 f5 65. h4 gxh3 66. gxh3 Kf6 67. h4 Kg6
68. h5+ Kxh5 69. Kxf5 1/2-1/2